00777 a2200169 4500003000500000005001700005038001200022040000900034082001100043100004100054245003700095250001300132260005500145300001000200505036700210538003000577Nust20191114155336.0 aMSOHAIL cNust a628.92 aNational fire protection assosiation aNational Fire Codes c\ Vol-1-16 avol 1-16 aQuincybNational fire protection Associationc1983 ap;737 aForest Products, Outdoor Storage of (Page-46-1) Wood Chips Outdoor Storage of (Page-46A-1) Logs, Outdoor Storage of (Page-46B-1) Lumber Storage Yards Retail and Wholesale (Page-47-1) Zirconium, Fire and Explosion Prevention in Plants Producing and Handling (Page-482M-1) Hazardous Chemical Data (Page-49-1) Hazardous Chemical Reactions, Manual of (Page-491M-1)  aAlmirah No.42 Shelf No. 3